Eindhoven Neighbourhoods Map Quiz - Statistics

General Stats
  • This quiz has been taken 36 times
  • The average score is 24 of 116
Answers on the Map
Answers color-coded by a green-red scale on the quiz's map according to % correct below.
 
Answer Stats
Wijk Answer % Correct
Strijp Strijp-S
55%
Woensel-Zuid Woensel-West
55%
Centrum TU-terrein
50%
Woensel-Noord Blixembosch-Oost
45%
Centrum Bergen
41%
Woensel-Noord Blixembosch-West
41%
Tongelre 't Hofke
36%
Woensel-Noord Winkelcentrum
36%
Gestel Bennekel-Oost
32%
Gestel Bennekel-West, Gagelbosch
32%
Centrum Binnenstad
32%
Strijp Eindhoven Airport
32%
Strijp Flight Forum
32%
Tongelre Karpen
32%
Stratum Roosten
32%
Gestel Schrijversbuurt
32%
Woensel-Noord Vaartbroek
32%
Tongelre Villapark
32%
Tongelre Doornakkers-Oost
27%
Tongelre Doornakkers-West
27%
Centrum Fellenoord
27%
Woensel-Zuid Generalenbuurt
27%
Gestel Gennep
27%
Strijp Grasrijk
27%
Gestel Hanevoet
27%
Strijp Meerrijk
27%
Strijp Philipsdorp
27%
Woensel-Zuid Rapenland
27%
Stratum Tivoli
27%
Stratum Tuindorp
27%
Woensel-Zuid Vredeoord
27%
Strijp Waterrijk
27%
Centrum Witte Dame
27%
Strijp Zandrijk
27%
Woensel-Zuid Barrier
23%
Gestel Beemden
23%
Gestel Blaarthem
23%
Woensel-Noord Bokt
23%
Woensel-Noord Eckart
23%
Stratum Eikenburg
23%
Stratum Elzent-Noord
23%
Stratum Elzent-Zuid
23%
Gestel Genderdal
23%
Stratum Gijzenrooi
23%
Strijp Hurk
23%
Stratum Irisbuurt
23%
Stratum Kruidenbuurt
23%
Tongelre Lakerlopen
23%
Woensel-Zuid Limbeek-Noord
23%
Woensel-Zuid Limbeek-Zuid
23%
Gestel Ooievaarsnest
23%
Woensel-Zuid Oude Gracht-Oost
23%
Woensel-Zuid Oude Gracht-West
23%
Woensel-Zuid Oude Toren
23%
Stratum Rochusbuurt
23%
Tongelre Urkhoven
23%
Woensel-Noord Vlokhoven
23%
Woensel-Zuid Woenselse Watermolen
23%
Woensel-Noord Castiliëlaan
18%
Woensel-Noord Esp
18%
Gestel Genderbeemd
18%
Gestel Hagenkamp
18%
Woensel-Zuid Hemelrijken
18%
Strijp Herdgang
18%
Strijp Het Ven
18%
Woensel-Zuid Hondsheuvels
18%
Woensel-Noord Jagershoef
18%
Woensel-Noord Kerkdorp Acht
18%
Strijp Lievendaal
18%
Woensel-Zuid Mensfort
18%
Gestel Oude Spoorbaan
18%
Stratum Sportpark Aalsterweg
18%
Woensel-Noord Tempel
18%
Woensel-Noord 't Hool
18%
Tongelre Tongelresche Akkers
18%
Strijp Wielewaal
18%
Woensel-Noord Woenselse Heide
18%
Woensel-Noord Achtse Barrier-Gunterslaer
14%
Woensel-Noord Achtse Barrier-Hoeven
14%
Woensel-Noord Achtse Barrier-Spaaihoef
14%
Stratum Bloemenplein
14%
Stratum Burghplan
14%
Strijp Drents Dorp
14%
Woensel-Noord Driehoeksbos
14%
Strijp Engelsbergen
14%
Woensel-Noord Heesterakker
14%
Tongelre Koudenhoven
14%
Woensel-Zuid Kronehoef
14%
Strijp Mispelhoef
14%
Tongelre Muschberg, Geestenberg
14%
Stratum Nieuwe Erven
14%
Stratum Poeijers
14%
Woensel-Noord Prinsejagt
14%
Stratum Puttense Dreef
14%
Stratum Schuttersbosch
14%
Strijp BeA2
9%
Strijp Bosrijk
9%
Woensel-Zuid Eckartdal
9%
Stratum Genneperzijde
9%
Stratum Gerardusplein
9%
Woensel-Zuid Gildebuurt
9%
Stratum Joriskwartier
9%
Stratum Kerstroosplein
9%
Stratum Leenderheide
9%
Stratum Looiakkers
9%
Woensel-Noord Luytelaer
9%
Strijp Park Forum
9%
Gestel Rapelenburg
9%
Stratum Riel
9%
Strijp Schouwbroek
9%
Stratum Sintenbuurt
9%
Strijp Zwaanstraat
9%
Strijp Eliasterrein, Vonderkwartier
5%
Woensel-Noord Kapelbeemd
5%
Strijp Meerbos
5%
Strijp Schoot
5%
No matching quizzes found
Score Distribution
Percent of People with Each Score
Percentile by Number Answered
Your Score History
You have not taken this quiz